[Event "Llinars del Valles op 1st"]
[Site "Llinars del Valles"]
[Date "2021.07.01"]
[Round "7"]
[White "Fuentes del Pino, Raul"]
[Black "Cavalle Sanchez, Arnau"]
[Result "1-0"]
[WhiteElo "1570"]
[BlackElo "1209"]
[PlyCount "105"]
[EventDate "2021.06.25"]
[EventType "swiss"]
[EventRounds "9"]
[EventCountry "ESP"]
[SourceTitle "CBM 203 Extra"]
[Source "ChessBase"]
[SourceDate "2021.09.30"]
[SourceVersion "1"]
[SourceVersionDate "2021.09.30"]
[SourceQuality "1"]

1. d4 Nf6 2. c4 g6 3. Nc3 Bg7 4. Bf4 0-0 5. e3 d6 6. Nf3 c5 7. d5 Nbd7 8. Bd3 a6 9. a4 b6 10. 0-0 Qc7 11. Re1 Bb7 12. Qc2 e6 13. Ng5 exd5 14. Nxd5 Nxd5 15. cxd5 Bxd5 16. Rad1 Bb7 17. Bc4 Ne5 18. Ba2 b5 19. axb5 axb5 20. Bd5 Bxd5 21. Rxd5 Rfd8 22. b4 Nc6 23. Rxc5 Rac8 24. Rc1 Be5 25. Rxc6 Qxc6 26. Qxc6 Rxc6 27. Rxc6 Ra8 28. g3 Ra4 29. Bxe5 dxe5 30. Ne4 Rxb4 31. Nf6+ Kg7 32. Nd5 Rb1+ 33. Kg2 e4 34. Rb6 g5 35. Nc3 Rb3 36. Nxb5 h5 37. Rb7 Kg6 38. Nd6 Rxb7 39. Nxb7 f5 40. Nd6 Kf6 41. Kf1 Ke5 42. Nc4+ Kd5 43. Nd2 Ke5 44. Ke2 g4 45. Nb3 Kd5 46. Nd4 Ke5 47. Kd2 Kf6 48. Kc3 Kg5 49. Kc4 h4 50. Kd5 hxg3 51. hxg3 Kf6 52. Kd6 Kg6 53. Ke5 1-0

[Event "Llinars del Valles op 1st"]
[Site "Llinars del Valles"]
[Date "2021.06.30"]
[Round "6"]
[White "Parra Ordorica, Gorka"]
[Black "Fuentes del Pino, Raul"]
[Result "1-0"]
[WhiteElo "1897"]
[BlackElo "1570"]
[PlyCount "31"]
[EventDate "2021.06.25"]
[EventType "swiss"]
[EventRounds "9"]
[EventCountry "ESP"]
[SourceTitle "CBM 203 Extra"]
[Source "ChessBase"]
[SourceDate "2021.09.30"]
[SourceVersion "1"]
[SourceVersionDate "2021.09.30"]
[SourceQuality "1"]

1. d4 Nf6 2. Nf3 g6 3. c4 d5 4. Qc2 Bf5 5. Qb3 Bc8 6. Bf4 dxc4 7. Qxc4 c6 8. Nc3 Bg7 9. e3 0-0 10. Be2 b5 11. Qd3 b4 12. Na4 Re8 13. Ne5 Nd5 14. Nc5 Bf5 15. Qd2 Kh8 16. Nxf7+ 1-0